000 00580nam a22002177a 4500
003 UA-OsUOA
001 73294
007 ta
008 20110221b un ||||| |||| 00| 0 ukr d
100 _aДагда
090 _a330(477)
_bД14
942 _cSA
040 _aUA-OsUOA
_brus
_cUA-OsUOA
_dUA-OsUOA
245 _aСтраховой рінок Украины: итоги 2010 года
300 _aС.3
955 _a0
041 _arus
080 _a330(477)
773 0 _w73293
_tУкраїна- business
_dК.
_d2011
_g7
650 7 _a330 Економіка взагалі
_2UDC
999 _c359578
_d359578